| 000 | 00513pam a2200169 a 4500 | ||
|---|---|---|---|
| 020 | _a0394584430 : | ||
| 082 | 0 | 0 |
_a303.490905 _bKEN _cD |
| 100 | 1 |
_aKennedy, Paul M., _91495 |
|
| 245 | 1 | 0 |
_aPreparing for the twenty-first century / _cPaul Kennedy. |
| 250 | _a1st ed. | ||
| 260 |
_aNew York : _bRandom House, _cc1993. |
||
| 300 |
_axvi, 428 p. : _bill. ; _c25 cm. |
||
| 526 |
_a0 _b0 _c0 _d303_490905000000000_KEN |
||
| 526 |
_a0 _b0 _c0 _d303_490905000000000_KEN |
||
| 650 | 0 | _aTwenty-first century. | |
| 942 |
_2ddc _cBK |
||
| 999 |
_c554024 _d554024 |
||